000 00553nam a2200193Ii 4500
003 JO-AjNU
008 230605s9999||||xx |||||||||||||| ||und||
040 _aJO-AjNU
_bara
_erda
_cJO-AjNU
041 _aara
050 1 4 _aPJ7840 2014
100 3 _aتأليف عساف، راجي توفيق,
_eauthor
_947729
245 0 0 _aديوان همسات قلب
264 3 1 _aد.ن
300 _a54ص
336 _atext
_btxt
_2rdacontent
337 _aunmediated
_bn
_2rdamedia
338 _avolume
_bnc
_2rdacarrier
650 4 _aالشعر العربي
_947730
999 _aA20856
_c24424
_d24424